Escritos políticamente in(correctos).

Saved in:
Bibliografiske detaljer
Hovedforfatter: Subercaseaux S., Bernardo (autor)
Format: Ukendt
Udgivet: Santiago, Chile: Universitaria, 2021.
Serier:Imagen de Chile.
Fag:
Tags: Tilføj Tag
Ingen Tags, Vær først til at tagge denne postø!

MARC

LEADER 00000 a2200000 4500
003 CL-VaPUC
005 20250103123154.0
008 241219t2021 ||||| |||| 00| 0 eng d
999 |c 446183  |d 446181 
020 |a 978-956-11-2807-1 
040 |c Pontificia Universidad Católica de Valparaíso 
082 |2 22  |a A860.9 SUB 2021 
100 |a Subercaseaux S., Bernardo  |9 894632  |e autor 
245 |a Escritos políticamente in(correctos). 
260 |a Santiago, Chile:  |b Universitaria,  |c 2021. 
300 |a 510 páginas. 
490 |a Imagen de Chile. 
583 |k Yessy Díaz Vidal   |c 20241219 
650 0 |9 308278  |a Literatura chilena   |v Historia y crítica  |y Siglos 19-21 
650 0 |9 309997  |a Literatura latinoamericana  |v Historia y crítica  |y Siglos 19-20 
650 0 |a Literatura chilena   |v Publicaciones académicas   |v Artículos  |9 894995 
651 0 |9 254862  |a Chile  |x Políticas culturales  |v Historia 
942 |2 ddc  |c BK 
952 |0 0  |1 0  |2 ddc  |4 0  |6 A_860_900000000000000_SUB_2021  |7 0  |8 A  |9 598743  |a BIBHIS  |b BIBHIS  |d 2024-12-17  |e 13  |g 24000.00  |i 5663683  |o A860.9 SUB 2021  |p 5663683  |r 2025-01-20  |t 1  |v 24000.00  |w 2024-12-17  |y BK  |k HIS